00420nam a2200181Ia 4500003000400000005001700004008004100021020001800062040000700080041000800087082002100095100002000116245002900136250000700165260003700172300001600209365001300225OSt20230317141511.0210423s2008 xx 000 0 und d a9780071259309 cAL aeng a658.4 223bLUTF aLUTHANS (Fred). aOrganizational behavior. a11 aNew DelhibTata McGrawhillc2008 axvi,592bPB b384cINR